Statistiques concernant O Canada: Paroles en français

Cliquez ici pour prendre le quiz!

Statistiques générales

  • Ce quiz a été pris 84 fois
  • Le résultat moyen est 5 sur 8

Statistiques - réponses

Hint Answer % Correct
O Canada ! ___ de nos ___,O Canada ! Terre de nos aïeux,
99%
Ton ___ est une ___Ton histoire est une épopée
78%
Il ___ ___ la ___ !Il sait porter la croix !
76%
Car ton bras ___ ___ l'___,Car ton bras sait porter l'épée,
75%
Des ___ ___ ___.Des plus brillants exploits.
72%
Ton ___ est ___ de ___ ___ !Ton front est ceint de fleurons glorieux !
60%
___ nos ___ et nos ___.Protégera nos foyers et nos droits.
43%
Et ta ___, de ___ ___,Et ta valeur, de foi trempée,
42%

Distribution des résultats

Percentile par nombre de réponses

% des personnes avec chaque résultat

Votre développement - résultats

Vous n’avez pas pris ce quiz